Toronto Raptors Leading Rebounder per year - Statistics

General Stats
  • This quiz has been taken 20 times
    18 since last reset
  • The average score is 17 of 29
Answer Stats
Year Player % Correct
2010 Chris Bosh
100%
2009 Chris Bosh
100%
2008 Chris Bosh
100%
2007 Chris Bosh
100%
2006 Chris Bosh
100%
2005 Chris Bosh
100%
2022 Pascal Siakam
90%
2002 Antonio Davis
80%
2001 Antonio Davis
80%
2000 Antonio Davis
80%
2012 Ed Davis
80%
2020 Serge Ibaka
80%
2019 Serge Ibaka
80%
2018 Jonas Valančiūnas
70%
2017 Jonas Valančiūnas
70%
2016 Jonas Valančiūnas
70%
2015 Jonas Valančiūnas
70%
2014 Jonas Valančiūnas
70%
2024 Jakob Poeltl
50%
2023 Jakob Poeltl
50%
1996 Herb Williams
20%
2003 Jerome Williams
20%
1999 Kevin Willis
20%
2021 Khem Birch
20%
2013 Amir Johnson
10%
2004 Donyell Marshall
10%
1998 Gary Trent
10%
1997 Popeye Jones
10%
2011 Reggie Evans
0%
No matching quizzes found
Score Distribution
Percent of People with Each Score
Percentile by Number Answered
Your Score History
You have not taken this quiz since the last reset